Statistics for Maths Symbols

Click here to take the quiz!

General Stats

  • This quiz has been taken 76 times
  • The average score is 7 of 24

Answer Stats

SymbolSymbol Name% Correct
=equals
84%
>greater than
71%
-minus
66%
+plus
65%
%percent
61%
×times
56%
[ ]brackets
45%
÷division
45%
√asquare root
45%
3√acube root
31%
±plus & minus
24%
( )parentheses
21%
approximation
15%
inequality
13%
inequality
13%
inequality
13%
modmodulo
13%
per-mille
13%
*asterisk
10%
±minus & plus
10%
.period
8%
ppbper-billion
6%
ppmper-million
6%
a^bcaret
3%

Score Distribution

Percentile by Number Answered

Percent of People with Each Score

Your Score History

You have not taken this quiz